[Event "Schaffhausen op"]
[Site "Schaffhausen"]
[Date "2024.01.12"]
[Round "1"]
[White "Zoller, Patrik"]
[Black "Wermuth, David"]
[Result "1-0"]
[WhiteElo "1680"]
[BlackElo "1304"]
[PlyCount "127"]
[EventDate "2024.01.12"]
[EventType "swiss"]
[EventRounds "5"]
[EventCountry "SUI"]
[SourceTitle "CBM 218 Extra"]
[Source "ChessBase"]
[SourceDate "2024.03.31"]
[SourceVersion "1"]
[SourceVersionDate "2024.03.31"]
[SourceQuality "1"]

1. Nf3 Nf6 2. g3 g6 3. b4 b6 4. Bg2 Bb7 5. Bb2 Bg7 6. 0-0 0-0 7. d3 d5 8. Nbd2 Re8 9. c4 e6 10. a4 Na6 11. Qb3 c5 12. b5 Nc7 13. a5 Rc8 14. axb6 axb6 15. Ra7 Rb8 16. e3 Nd7 17. Bxg7 Kxg7 18. d4 dxc4 19. Qxc4 Bd5 20. Qe2 Ra8 21. Rfa1 e5 22. dxe5 Nxe5 23. e4 Nxf3+ 24. Bxf3 Rxa7 25. Rxa7 Qd7 26. Qd3 Qxb5 27. Qc3+ Kg8 28. Rxc7 Be6 29. Bg2 Qe2 30. Nf1 Rd8 31. Qf3 Qc2 32. Ra7 b5 33. Qf6 Rc8 34. Ra1 b4 35. Ne3 Qe2 36. Nd5 Bxd5 37. exd5 b3 38. Qc3 b2 39. Rb1 Rb8 40. d6 c4 41. Bf1 Qe6 42. Rxb2 Rc8 43. Rb4 Qxd6 44. Rxc4 Rxc4 45. Qxc4 Kg7 46. Qc3+ f6 47. Qc8 f5 48. h4 Kh6 49. Qc1+ Kg7 50. Qg5 Qe6 51. h5 Qd6 52. h6+ Kf8 53. Qc1 Ke7 54. Qc3 Qf6 55. Qc7+ Kf8 56. Qxh7 f4 57. gxf4 Qxf4 58. Qg7+ Ke8 59. Qxg6+ Qf7 60. Qc6+ Kf8 61. Qc8+ Ke7 62. Qc7+ Kf6 63. Qxf7+ Kxf7 64. Bd3 1-0